[Event "BCF-ch"]
[Site "Hull"]
[Date "2024.07.31"]
[Round "5"]
[White "Derakhshani, Borna"]
[Black "Lewis, Andrew P"]
[Result "1-0"]
[WhiteElo "2351"]
[BlackElo "2272"]
[PlyCount "87"]
[EventDate "2024.07.27"]
[EventType "swiss"]
[EventRounds "9"]
[EventCountry "ENG"]
[SourceTitle "CBM 221 Extra"]
[Source "ChessBase"]
[SourceDate "2024.09.30"]
[SourceVersion "1"]
[SourceVersionDate "2024.09.30"]
[SourceQuality "1"]

1. e4 c5 2. Nf3 Nc6 3. Bb5 d6 4. 0-0 Bd7 5. Re1 a6 6. Bf1 Nf6 7. c3 Bg4 8. h3 Bxf3 9. Qxf3 e6 10. d3 Be7 11. Nd2 0-0 12. Qe2 d5 13. e5 Nd7 14. Nf3 b5 15. d4 c4 16. Qe3 b4 17. Be2 bxc3 18. bxc3 Qa5 19. a4 Rfb8 20. Bd1 Qd8 21. Nh2 Na5 22. Qg3 Nf8 23. Ra2 Nb3 24. Bc2 Ng6 25. Ng4 Rb7 26. Rf1 Nxc1 27. Rxc1 Bh4 28. Qf3 Bg5 29. Re1 Qa5 30. Re2 Nf4 31. Re1 Nd3 32. Bxd3 cxd3 33. Ra3 Be7 34. Ra2 Qxc3 35. Rd1 Rb3 36. Qe3 Ba3 37. h4 Rc8 38. Raa1 Rc4 39. Qg5 h6 40. Nxh6+ Kh7 41. Nxf7 Qxd4 42. Qh5+ Kg8 43. Ng5 Qf4 44. Qh7+ 1-0

[Event "BCF-ch"]
[Site "Hull"]
[Date "2024.07.30"]
[Round "4"]
[White "Lewis, Andrew P"]
[Black "Dicen, Elis Denele"]
[Result "1-0"]
[WhiteElo "2272"]
[BlackElo "2060"]
[PlyCount "67"]
[EventDate "2024.07.27"]
[EventType "swiss"]
[EventRounds "9"]
[EventCountry "ENG"]
[SourceTitle "CBM 221 Extra"]
[Source "ChessBase"]
[SourceDate "2024.09.30"]
[SourceVersion "1"]
[SourceVersionDate "2024.09.30"]
[SourceQuality "1"]

1. c4 e5 2. Nc3 Nf6 3. Nf3 Nc6 4. e4 Bb4 5. d3 d6 6. h3 a5 7. g3 Be6 8. Bg2 Qd7 9. a3 Bc5 10. Bg5 Ng8 11. Be3 Nge7 12. Nd5 0-0 13. g4 Bxe3 14. fxe3 Bxd5 15. cxd5 Nd8 16. 0-0 c6 17. Nh4 cxd5 18. Nf5 dxe4 19. dxe4 Ne6 20. Qf3 Ra6 21. h4 f6 22. Bh3 g6 23. Nh6+ Kg7 24. g5 fxg5 25. Qxf8+ Nxf8 26. Bxd7 Nxd7 27. hxg5 Nf8 28. Rf7+ Kh8 29. Rxf8+ Kg7 30. Rf7+ Kh8 31. Rxe7 Ra8 32. Rf1 b6 33. Rff7 Rc8 34. Rxh7# 1-0

[Event "BCF-ch"]
[Site "Hull"]
[Date "2024.07.27"]
[Round "1"]
[White "Sooraj, Menothuparam Raju"]
[Black "Lewis, Andrew P"]
[Result "0-1"]
[WhiteElo "1999"]
[BlackElo "2272"]
[PlyCount "106"]
[EventDate "2024.07.27"]
[EventType "swiss"]
[EventRounds "9"]
[EventCountry "ENG"]
[SourceTitle "CBM 221 Extra"]
[Source "ChessBase"]
[SourceDate "2024.09.30"]
[SourceVersion "1"]
[SourceVersionDate "2024.09.30"]
[SourceQuality "1"]

1. e4 c5 2. Nc3 Nc6 3. g3 g6 4. Bg2 Bg7 5. d3 d6 6. Be3 Nf6 7. h3 0-0 8. Nge2 Rb8 9. 0-0 b5 10. Qd2 b4 11. Nd1 Ba6 12. f4 Nd7 13. f5 Nd4 14. Nf4 Re8 15. h4 e6 16. c3 bxc3 17. bxc3 Nc6 18. Bh3 exf5 19. exf5 Nce5 20. Bg2 Nf6 21. Nf2 Bb7 22. N2h3 Bxg2 23. Kxg2 Qd7 24. Ng5 Qc6+ 25. Nf3 Nfg4 26. Bg1 Nxf3 27. Rxf3 Ne5 28. Raf1 Rb7 29. g4 Nxg4 30. Kh3 Ne5 31. Rg3 Reb8 32. Rf2 Rb1 33. c4 Rxg1 34. Rxg1 Nf3 35. Nd5 Nxg1+ 36. Kh2 Qb7 37. f6 Bf8 38. Kxg1 Qd7 39. Kh2 Rb1 40. Qg5 Qe6 41. Qg2 Qe5+ 42. Rf4 Rb2 43. Qxb2 Qxb2+ 44. Kg3 Qe2 45. Rf3 Bh6 46. d4 Qxa2 47. dxc5 Qxc4 48. Ne7+ Kf8 49. c6 Ke8 50. Ra3 Qf4+ 51. Kh3 Qxf6 52. c7 Qe6+ 53. Kg3 Kxe7 0-1

[Event "BCF-chT2 2324 (4NCL)"]
[Site "England"]
[Date "2024.03.16"]
[Round "7.32"]
[White "Taylor, Martin R"]
[Black "Lewis, Andrew P"]
[Result "1-0"]
[WhiteElo "2349"]
[BlackElo "2237"]
[PlyCount "103"]
[EventDate "2023.11.11"]
[EventType "team-tourn"]
[EventRounds "11"]
[EventCountry "ENG"]
[SourceTitle "CBM 219 Extra"]
[Source "ChessBase"]
[SourceDate "2024.05.31"]
[SourceVersion "1"]
[SourceVersionDate "2024.05.31"]
[SourceQuality "1"]
[WhiteTeam "Barbican"]
[BlackTeam "Anglian Avengers"]
[WhiteTeamCountry "ENG"]
[BlackTeamCountry "ENG"]

1. c4 g6 2. d4 Bg7 3. e4 d6 4. Nc3 Nf6 5. f3 0-0 6. Be3 c5 7. Nge2 Nc6 8. d5 Ne5 9. Ng3 e6 10. Be2 exd5 11. cxd5 a6 12. a4 h5 13. 0-0 Nh7 14. Qd2 Re8 15. Rae1 b5 16. axb5 axb5 17. Nxb5 Rb8 18. b4 h4 19. bxc5 hxg3 20. Nxd6 Rb2 21. Qc1 Re7 22. hxg3 Ra7 23. Nxc8 Qxc8 24. Rf2 Rb3 25. c6 Raa3 26. Bc5 Ra2 27. Bc4 Rxf2 28. Bxf2 Nxf3+ 29. gxf3 Rc3 30. Be2 Rxc1 31. Rxc1 Be5 32. c7 Ng5 33. Ba6 Qxc7 34. Rxc7 Bxc7 35. Kg2 f6 36. Bd3 Nf7 37. f4 g5 38. Kf3 Bd6 39. Bd4 Kg7 40. Bb5 Bc7 41. Bd7 Bd6 42. Be8 gxf4 43. Bxf7 Kxf7 44. gxf4 Kg6 45. e5 fxe5 46. fxe5 Ba3 47. Ke4 Kf7 48. Kf5 Ke7 49. Be3 Kf7 50. Bg5 Ke8 51. Ke6 Be7 52. Bf6 1-0

[Event "WchT Seniors 50"]
[Site "Struga"]
[Date "2023.09.19"]
[Round "1.2"]
[White "Hulme, William"]
[Black "Lewis, Andrew P"]
[Result "0-1"]
[WhiteElo "1925"]
[BlackElo "2238"]
[PlyCount "60"]
[EventDate "2023.09.19"]
[EventType "team-swiss"]
[EventRounds "9"]
[EventCountry "MKD"]
[SourceTitle "CBM 216 Extra"]
[Source "ChessBase"]
[SourceDate "2023.11.30"]
[SourceVersion "1"]
[SourceVersionDate "2023.11.30"]
[SourceQuality "1"]
[WhiteTeam "Scotland 50"]
[BlackTeam "England 50 II"]
[WhiteTeamCountry "SCO"]
[BlackTeamCountry "ENG"]

1. d4 Nf6 2. c4 c5 3. d5 b5 4. cxb5 a6 5. b6 e6 6. Nc3 Nxd5 7. Nxd5 exd5 8. Qxd5 Nc6 9. Nf3 Be7 10. g3 Rb8 11. Bg2 Nb4 12. Qd1 Rxb6 13. a3 Nc6 14. e4 d6 15. h3 0-0 16. 0-0 Be6 17. Qe2 Qd7 18. Kh2 Rfb8 19. Rd1 Bb3 20. Re1 Bf6 21. Be3 Nd4 22. Bxd4 cxd4 23. Rac1 a5 24. e5 dxe5 25. Nxe5 Bxe5 26. Qxe5 d3 27. Bc6 Qd8 28. Qxa5 d2 29. Re8+ Qxe8 30. Bxe8 dxc1Q 0-1

[Event "GBR-ch Major op 109th"]
[Site "Leicester"]
[Date "2023.07.26"]
[Round "5"]
[White "Dilley, Jason M"]
[Black "Lewis, Andrew P"]
[Result "0-1"]
[WhiteElo "2034"]
[BlackElo "2235"]
[PlyCount "110"]
[EventDate "2023.07.22"]
[EventType "swiss"]
[EventRounds "9"]
[EventCountry "ENG"]
[SourceTitle "EXT 2024"]
[Source "ChessBase"]
[SourceDate "2023.10.10"]
[SourceVersion "1"]
[SourceVersionDate "2023.10.10"]
[SourceQuality "1"]

1. d4 Nf6 2. c4 c5 3. d5 b5 4. a4 Qa5+ 5. Bd2 b4 6. Qc2 d6 7. e4 g6 8. h3 Bg7 9. Bd3 0-0 10. Ne2 Nbd7 11. f4 e6 12. 0-0 exd5 13. exd5 Qd8 14. Be3 Re8 15. Bf2 b3 16. Qd1 Ne4 17. Nd2 Nxf2 18. Rxf2 Rb8 19. Ra3 Qa5 20. Rxb3 Rxb3 21. Nxb3 Qxa4 22. Qc2 Qb4 23. Rf1 f5 24. Ra1 a6 25. Rb1 Nb6 26. Nd2 a5 27. b3 Na8 28. Kf2 Nc7 29. Nf3 Bd7 30. Rg1 Rb8 31. Rb1 Na6 32. Nc1 Qb6 33. Na2 Nb4 34. Nxb4 cxb4+ 35. Kg3 Bc3 36. Qf2 a4 37. Qxb6 Rxb6 38. bxa4 Bxa4 39. Ng1 b3 40. Ne2 Bf6 41. Kf2 b2 42. Ke3 Bb3 43. Rf1 Ba2 44. Bb1 Bxc4 45. Rd1 Rb3+ 46. Kd2 Ra3 47. Rg1 Bxd5 48. g4 fxg4 49. hxg4 Kf7 50. g5 Bg7 51. f5 gxf5 52. Bxf5 Ra1 53. Bb1 Rxb1 54. Rxb1 Be4 55. Rf1+ Kg8 0-1

[Event "GBR-ch Major op 109th"]
[Site "Leicester"]
[Date "2023.07.25"]
[Round "4"]
[White "Lewis, Andrew P"]
[Black "Sugden, John N"]
[Result "1-0"]
[WhiteElo "2235"]
[BlackElo "1977"]
[PlyCount "73"]
[EventDate "2023.07.22"]
[EventType "swiss"]
[EventRounds "9"]
[EventCountry "ENG"]
[SourceTitle "EXT 2024"]
[Source "ChessBase"]
[SourceDate "2023.10.10"]
[SourceVersion "1"]
[SourceVersionDate "2023.10.10"]
[SourceQuality "1"]

1. Nf3 c5 2. c4 Nc6 3. Nc3 g6 4. g3 Bg7 5. Bg2 e6 6. d4 cxd4 7. Nb5 d6 8. Nfxd4 Nxd4 9. Nxd4 a6 10. 0-0 Ne7 11. Be3 Qc7 12. Rc1 Bd7 13. Qd2 Nc6 14. Rfd1 Rd8 15. Nf3 Bc8 16. Bh6 0-0 17. h4 f6 18. Bxg7 Kxg7 19. Nd4 e5 20. Nc2 Be6 21. Ne3 Ne7 22. h5 Qd7 23. h6+ Kg8 24. Qb4 Nc6 25. Qb6 Nd4 26. Rd2 Rb8 27. Nd5 Bxd5 28. Bxd5+ Kh8 29. Bg2 Qd8 30. Qb4 Nf5 31. Rcd1 Qe7 32. Qb6 Nxh6 33. Rxd6 Rf7 34. Bd5 Rff8 35. Be6 Nf7 36. Rd7 Qe8 37. Bxf7 1-0

[Event "BCF-chT3E 2223 (4NCL)"]
[Site "England"]
[Date "2023.05.01"]
[Round "11.13"]
[White "Ursell, Adam R"]
[Black "Lewis, Andrew P"]
[Result "1/2-1/2"]
[WhiteElo "1923"]
[BlackElo "2229"]
[PlyCount "74"]
[EventDate "2022.11.05"]
[EventType "team-tourn"]
[EventRounds "11"]
[EventCountry "ENG"]
[SourceTitle "EXT 2024"]
[Source "ChessBase"]
[SourceDate "2023.10.10"]
[SourceVersion "1"]
[SourceVersionDate "2023.10.10"]
[SourceQuality "1"]
[WhiteTeam "Sussex Martlets II"]
[BlackTeam "Anglian Avengers"]
[WhiteTeamCountry "ENG"]
[BlackTeamCountry "ENG"]

1. e4 c5 2. Nf3 Nc6 3. Bb5 d6 4. 0-0 Bd7 5. Re1 Nf6 6. c3 a6 7. Bf1 Bg4 8. h3 Bh5 9. d3 e6 10. a4 Be7 11. Nbd2 0-0 12. g4 Bg6 13. Nh4 d5 14. Nxg6 hxg6 15. Bg2 Qc7 16. Qe2 Bd6 17. Nf3 dxe4 18. dxe4 Nd7 19. Be3 Bf4 20. Red1 Rad8 21. Rd2 Bxe3 22. Qxe3 Nce5 23. Nxe5 Nxe5 24. Rdd1 c4 25. Bf1 g5 26. Be2 f6 27. Rd4 b5 28. axb5 axb5 29. Rad1 Ng6 30. Qd2 Rxd4 31. Qxd4 Nf4 32. Bf1 e5 33. Qd7 Qxd7 34. Rxd7 Rb8 35. f3 Ne6 36. Kf2 Nc5 37. Rd5 Ne6 1/2-1/2

[Event "BCF-chT3E 2223 (4NCL)"]
[Site "England"]
[Date "2023.01.07"]
[Round "3.63"]
[White "Lewis, Andrew P"]
[Black "Hughes, Roy"]
[Result "1/2-1/2"]
[WhiteElo "2229"]
[BlackElo "2050"]
[PlyCount "83"]
[EventDate "2022.11.05"]
[EventType "team-tourn"]
[EventRounds "11"]
[EventCountry "ENG"]
[SourceTitle "EXT 2024"]
[Source "ChessBase"]
[SourceDate "2023.10.10"]
[SourceVersion "1"]
[SourceVersionDate "2023.10.10"]
[SourceQuality "1"]
[WhiteTeam "Anglian Avengers"]
[BlackTeam "Iceni"]
[WhiteTeamCountry "ENG"]
[BlackTeamCountry "ENG"]

1. d4 d5 2. c4 c6 3. Nf3 Nf6 4. Nc3 a6 5. c5 Bf5 6. Qb3 Ra7 7. Bf4 h6 8. e3 e6 9. Be2 Be7 10. 0-0 0-0 11. Rac1 Re8 12. Na4 Nfd7 13. Rfe1 Bf6 14. Bg3 e5 15. Qc3 e4 16. Nd2 Nf8 17. Nb3 Nbd7 18. Na5 Qc8 19. Nb6 Qd8 20. Qb4 Be6 21. Nxd7 Qxd7 22. Qb6 Rea8 23. f3 Bd8 24. Qb4 f5 25. fxe4 fxe4 26. Rf1 Ng6 27. Qd2 Ne7 28. b4 Nf5 29. Bf4 Be7 30. h3 Rf8 31. Bg4 Nh4 32. Qe2 Bxg4 33. Qxg4 Qxg4 34. hxg4 Ng6 35. Bg3 Bf6 36. Rf5 Rf7 37. Kf1 Ra8 38. Ke2 Rd7 39. a4 Re8 40. b5 axb5 41. axb5 Ne7 42. Rff1 1/2-1/2

[Event "EU-chT Seniors 50"]
[Site "Dresden"]
[Date "2022.11.01"]
[Round "6.1"]
[White "Fritsche, Lutz"]
[Black "Lewis, Andrew P"]
[Result "1-0"]
[WhiteElo "2306"]
[BlackElo "2238"]
[PlyCount "149"]
[EventDate "2022.10.27"]
[EventType "team-swiss"]
[EventRounds "9"]
[EventCountry "GER"]
[SourceTitle "EXT 2024"]
[Source "ChessBase"]
[SourceDate "2023.10.10"]
[SourceVersion "1"]
[SourceVersionDate "2023.10.10"]
[SourceQuality "1"]
[WhiteTeam "Germany 50"]
[BlackTeam "England 50 II"]
[WhiteTeamCountry "GER"]
[BlackTeamCountry "ENG"]

1. e4 c5 2. Nc3 Nc6 3. Nge2 d6 4. d4 cxd4 5. Nxd4 Nf6 6. Be2 e6 7. g4 d5 8. exd5 Nxd5 9. Nxd5 exd5 10. Be3 Be7 11. Qd2 0-0 12. 0-0-0 Re8 13. h3 Bf6 14. Rhe1 Be6 15. Kb1 Rc8 16. f4 g6 17. Bf3 Qc7 18. Nb5 Qd7 19. Re2 a6 20. Nd4 Qc7 21. Bf2 b5 22. Nxc6 Qxc6 23. Bd4 Bxd4 24. Qxd4 Qc4 25. Qf6 b4 26. Rd4 Qc5 27. Red2 Qe7 28. Qxe7 Rxe7 29. Rxb4 h5 30. Re2 hxg4 31. hxg4 Rd7 32. Rd4 Kg7 33. c3 Rh8 34. Kc2 Rh3 35. Rf2 Rg3 36. g5 Rd8 37. b3 Rc8 38. Kb2 Rc5 39. Rd3 a5 40. Be2 Rg1 41. a4 Bf5 42. Rd1 Rg3 43. Bf3 Be4 44. Bxe4 dxe4 45. c4 Rf5 46. Rdf1 e3 47. Re2 f6 48. gxf6+ Rxf6 49. Kc3 g5 50. f5 g4 51. Kd4 Rb6 52. c5 Rxb3 53. c6 Rb8 54. Ke5 Kf7 55. Kf4 Rh3 56. Kxg4 Rbh8 57. Kf4 R3h4+ 58. Ke5 Rxa4 59. Rc1 Re8+ 60. Kd5 Rf4 61. c7 Rxf5+ 62. Kc6 Rf2 63. Rxe3 Rxe3 64. c8Q Re6+ 65. Kb7 Rb2+ 66. Ka8 Rbb6 67. Rc7+ Kf6 68. Qh8+ Kf5 69. Rc5+ Ke4 70. Qh4+ Kd3 71. Qg3+ Kd4 72. Qf2+ Ke4 73. Rc4+ Ke5 74. Qf4+ Kd5 75. Qd4# 1-0

[Event "BCF-chT 2122 (4NCL)"]
[Site "England"]
[Date "2022.02.12"]
[Round "3.115"]
[White "Lewis, Andrew P"]
[Black "White, Nigel"]
[Result "0-1"]
[WhiteElo "2229"]
[BlackElo "1997"]
[PlyCount "80"]
[EventDate "2021.11.27"]
[EventType "team-swiss"]
[EventRounds "11"]
[EventCountry "ENG"]
[SourceTitle "EXT 2023"]
[Source "ChessBase"]
[SourceDate "2022.10.05"]
[SourceVersion "1"]
[SourceVersionDate "2022.10.05"]
[SourceQuality "1"]
[WhiteTeam "Anglian Avengers"]
[BlackTeam "Guildford Castles"]
[WhiteTeamCountry "ENG"]
[BlackTeamCountry "ENG"]

1. Nf3 Nf6 2. c4 g6 3. Nc3 Bg7 4. e4 d6 5. d4 0-0 6. Be2 e5 7. 0-0 Nc6 8. d5 Ne7 9. Ne1 Nd7 10. Nd3 f5 11. f3 f4 12. Bd2 g5 13. Rc1 Nf6 14. c5 Ng6 15. Nb5 Rf7 16. Ba5 b6 17. cxd6 cxd6 18. Be1 h5 19. Nb4 Ne8 20. Nc6 Qf6 21. Nbxa7 Bd7 22. h3 Bh6 23. Rc3 Rg7 24. Qb3 g4 25. fxg4 hxg4 26. hxg4 Qg5 27. Rh3 Nf6 28. Qxb6 Nxg4 29. Rff3 Nf6 30. Rh2 Nxe4 31. Nb5 Bg4 32. Nc7 Rxa2 33. Qb8+ Kh7 34. Ne6 Bxe6 35. dxe6 Ra1 36. Rf1 Ng3 37. Qb5 Nxf1 38. Kxf1 Qg3 39. Rxh6+ Kxh6 40. Qb4 Nh4 0-1